00385nmm a2200145Ia 4500008004100000020001800041041000800059100002300067245001100090264004200101300001800143490001300161650001400174856005100188251105s9999||||xx |||||||||||||||||und|| a9788498165586 aspa aValdivia, Pedro de 0aCartas a[Madrid, España] :bLinkgua, c2016 a140 páginas aHistoria aBiography uhttps://public.digitaliapublishing.com/a/48783